000 00430nam a2200169Ia 4500
008 230524s9999 xx 000 0 und d
020 _a8187972092
082 _a4.165
_bGAO
100 _aRamesh Gaonkar
245 0 _a"Microprocessor Architecture, Programming & Applications?"
250 _a5TH
260 _aNEW DELHI
_bPenram
_c1998
300 _aX815
500 _aQuantity Number: 192
650 _aComp-Sc
942 _cBK
999 _c16566
_d16566